|
|
|
|
| LEADER |
01378nam a2200289 u 4500 |
| 001 |
10049906 |
| 003 |
GR-PaULI |
| 005 |
20210117200425.0 |
| 008 |
040330s1973 ne eng |
| 952 |
|
|
|0 0
|1 0
|2 ddc
|4 0
|6 Π_Σ_511_322000000000000_FRA
|7 0
|8 NFIC
|9 41736
|a LISP
|b LISP
|c REF
|d 2016-04-24
|i 074683
|l 1
|o Π/Σ 511.322 FRA
|p 025000038746
|r 2016-09-01 00:00:00
|s 2016-06-30
|t 1
|v 2016.00
|w 2016-04-24
|y BK15
|
| 999 |
|
|
|c 26687
|d 26687
|
| 020 |
|
|
|a 0720422701
|
| 040 |
|
|
|a GR-PaULI
|c GR-PaULI
|b gre
|e AACR2
|
| 082 |
0 |
4 |
|a 511.322
|2 23
|
| 100 |
1 |
|
|a Fraenkel, Abraham Adolf,
|d 1891-1965
|9 41597
|e συγγραφέας.
|
| 245 |
1 |
0 |
|a Foundations of set theory /
|c Abraham A. Fraenkel, Yehoshua Bar - Hilllel, Azriel Levy ; with the collaboration of Dirk van Dalen.
|
| 250 |
|
|
|a 2nd, rev. ed.
|
| 260 |
|
|
|a Amsterdam ;
|a London :
|b North-Holland,
|c 1973.
|
| 300 |
|
|
|a x, 404 σ. ;
|c 24 εκ.
|
| 490 |
1 |
|
|a Studies in logic and foundations of mathematics
|v 67.
|
| 504 |
|
|
|a Περιλαμβάνει βιβλιογραφικές παραπομπές και ευρετήριο.
|
| 650 |
|
4 |
|a Σύνολα, Θεωρία των
|9 316
|
| 700 |
1 |
|
|a Bar-Hiller, Yehoshua
|9 41598
|e συγγραφέας.
|
| 700 |
1 |
|
|a Lévy, Azriel,
|9 44651
|e συγγραφέας.
|d 1934-
|
| 830 |
|
0 |
|9 172249
|a Studies in logic and the foundations of mathematics
|v 67.
|
| 942 |
|
|
|2 ddc
|c BKN
|
| 998 |
|
|
|c ΜΠΟΥΡΑΣ
|d 2019-09
|